La Révolution française et l'économie : De 1750 à 1815 (notice n° 1925391)

détails MARC
000 -LEADER
fixed length control field 01642cam a2200133 4500500
005 - DATE AND TIME OF LATEST TRANSACTION
control field 20260329023207.0
041 ## - LANGUAGE CODE
Language code of text/sound track or separate title fre
042 ## - AUTHENTICATION CODE
Authentication code dc
100 10 - MAIN ENTRY--PERSONAL NAME
Personal name Hincker, François
Relator term author
245 00 - TITLE STATEMENT
Title La Révolution française et l'économie : De 1750 à 1815
260 ## - PUBLICATION, DISTRIBUTION, ETC.
Name of publisher, distributor, etc. Armand Colin,<br/>
Date of publication, distribution, etc. 2023.<br/>
520 ## - SUMMARY, ETC.
Summary, etc. L'impact de la Révolution française sur l'économie nationale demeure un questionnement essentiel pour les historiens et les économistes. Car si certains secteurs industriels (sidérurgie, chimie) ont connu un net essor durant la période, le commerce extérieur et le marché colonial résistant jusqu'à l'entrée en guerre de 1792, les résultats de l'agriculture et d'une partie de l'industrie (du luxe, par exemple) montrent un fléchissement, voire une vraie crise.De 1789 aux premières années de l'Empire, cet ouvrage établit un bilan complet d'un pays où le travail législatif et de nombreuses institutions ont ouvert la voie à une économie et une société solidement propriétaires, prudemment capitaliste et d'un libéralisme tempéré par l'utilité publique.Par ailleurs, ses dirigeants lèguent à l'Empire, au-delà des luttes politiques, une bonne culture économique héritée des Lumières, une philosophie résolument libérale et un réalisme efficace face à la guerre et aux problèmes des subsistances.Chiffres, textes politiques ou juridiques, statistiques, portraits d'acteurs économiques… offrent les pièces indispensables pour penser objectivement la question.
856 41 - ELECTRONIC LOCATION AND ACCESS
Uniform Resource Identifier <a href="https://shs.cairn.info/la-revolution-francaise-et-l-economie--9782200636524?lang=fr&redirect-ssocas=7080">https://shs.cairn.info/la-revolution-francaise-et-l-economie--9782200636524?lang=fr&redirect-ssocas=7080</a>

Pas d'exemplaire disponible.

PLUDOC

PLUDOC est la plateforme unique et centralisée de gestion des bibliothèques physiques et numériques de Guinée administré par le CEDUST. Elle est la plus grande base de données de ressources documentaires pour les Étudiants, Enseignants chercheurs et Chercheurs de Guinée.

Adresse

627 919 101/664 919 101

25 boulevard du commerce
Kaloum, Conakry, Guinée

Réseaux sociaux

Powered by Netsen Group @ 2025